<?xml version="1.0" encoding="UTF-8"?>
<record
    xmlns:xsi="http://www.w3.org/2001/XMLSchema-instance"
    xsi:schemaLocation="http://www.loc.gov/MARC21/slim http://www.loc.gov/standards/marcxml/schema/MARC21slim.xsd"
    xmlns="http://www.loc.gov/MARC21/slim">

  <leader>01314nam a22002657a 4500</leader>
  <controlfield tag="005">2010092908128.0</controlfield>
  <controlfield tag="008">100928t        xxu||||| |||| 00| 0 hin d</controlfield>
  <datafield tag="010" ind1=" " ind2=" ">
    <subfield code="a">HIN-90678</subfield>
  </datafield>
  <datafield tag="020" ind1=" " ind2=" ">
    <subfield code="c">150.00</subfield>
    <subfield code="a">8189590146</subfield>
  </datafield>
  <datafield tag="035" ind1=" " ind2=" ">
    <subfield code="a">HN-63024</subfield>
  </datafield>
  <datafield tag="037" ind1=" " ind2=" ">
    <subfield code="b">DBAD / PUB</subfield>
  </datafield>
  <datafield tag="040" ind1=" " ind2=" ">
    <subfield code="a">DPL</subfield>
    <subfield code="b">HN</subfield>
  </datafield>
  <datafield tag="082" ind1=" " ind2=" ">
    <subfield code="a">910.095 413</subfield>
  </datafield>
  <datafield tag="100" ind1=" " ind2=" ">
    <subfield code="a">&#x935;&#x930;&#x94D;&#x92E;&#x93E;, &#x926;&#x947;&#x935;&#x940;&#x92A;&#x94D;&#x930;&#x938;&#x93E;&#x926;</subfield>
    <subfield code="9">22145</subfield>
  </datafield>
  <datafield tag="245" ind1=" " ind2=" ">
    <subfield code="a">&#x936;&#x93F;&#x932;&#x93E;&#x913;&#x902; &#x92A;&#x930; &#x916;&#x926;&#x93E; &#x91B;&#x924;&#x94D;&#x924;&#x940;&#x938;&#x917;&#x922;&#x93C; /</subfield>
    <subfield code="c">&#x926;&#x947;&#x935;&#x940;&#x92A;&#x94D;&#x930;&#x938;&#x93E;&#x926; &#x935;&#x930;&#x94D;&#x92E;&#x93E; &#x90F;&#x902;&#x935; &#x935;&#x93F;&#x937;&#x94D;&#x923;&#x941; &#x938;&#x93F;&#x902;&#x939; &#x920;&#x93E;&#x915;&#x941;&#x930;</subfield>
  </datafield>
  <datafield tag="246" ind1=" " ind2=" ">
    <subfield code="a">Shilaon per khuda Chhattisgarh</subfield>
    <subfield code="b">by Deviprasad Verma and Vishnu Singh Thakur</subfield>
  </datafield>
  <datafield tag="260" ind1=" " ind2=" ">
    <subfield code="a">&#x907;&#x932;&#x93E;&#x939;&#x93E;&#x92C;&#x93E;&#x926;</subfield>
    <subfield code="b">&#x91C;&#x947;.&#x92A;&#x940;. &#x917;&#x94D;&#x930;&#x93E;&#x92E; &#x935;&#x93F;&#x915;&#x93E;&#x938; &#x938;&#x902;&#x938;&#x94D;&#x925;&#x93E;&#x928;</subfield>
    <subfield code="c">2009</subfield>
  </datafield>
  <datafield tag="270" ind1=" " ind2=" ">
    <subfield code="a">180/28&#x90F;, &#x905;&#x932;&#x94D;&#x932;&#x93E;&#x92A;&#x941;&#x930;</subfield>
    <subfield code="b">&#x907;&#x932;&#x93E;&#x939;&#x93E;&#x92C;&#x93E;&#x926;</subfield>
    <subfield code="e">211006</subfield>
  </datafield>
  <datafield tag="300" ind1=" " ind2=" ">
    <subfield code="a">112&#x92A;&#x943;.</subfield>
    <subfield code="c">22&#x938;&#x947;&#x92E;&#x940; (&#x938;&#x91C;&#x93F;&#x932;&#x94D;&#x926;)</subfield>
  </datafield>
  <datafield tag="650" ind1=" " ind2=" ">
    <subfield code="9">1169</subfield>
  </datafield>
  <datafield tag="700" ind1=" " ind2=" ">
    <subfield code="9">22273</subfield>
    <subfield code="a">&#x920;&#x93E;&#x915;&#x941;&#x930;, &#x935;&#x93F;&#x937;&#x94D;&#x923;&#x941; &#x938;&#x93F;&#x902;&#x939; </subfield>
  </datafield>
  <datafield tag="700" ind1=" " ind2=" ">
    <subfield code="9">22352</subfield>
  </datafield>
  <datafield tag="942" ind1=" " ind2=" ">
    <subfield code="2">ddc</subfield>
    <subfield code="c">HN</subfield>
    <subfield code="h">910.095 413</subfield>
    <subfield code="m">&#x935;&#x930;&#x94D;&#x92E;&#x93E;&#x926;&#x947;</subfield>
  </datafield>
  <datafield tag="999" ind1=" " ind2=" ">
    <subfield code="c">47984</subfield>
    <subfield code="d">47984</subfield>
  </datafield>
  <datafield tag="952" ind1=" " ind2=" ">
    <subfield code="0">0</subfield>
    <subfield code="1">0</subfield>
    <subfield code="2">ddc</subfield>
    <subfield code="4">0</subfield>
    <subfield code="7">1</subfield>
    <subfield code="8">NFIC</subfield>
    <subfield code="a">DBAD</subfield>
    <subfield code="b">DBAD</subfield>
    <subfield code="d">2010-09-29</subfield>
    <subfield code="e">DBAD / PUB</subfield>
    <subfield code="g">150.00</subfield>
    <subfield code="l">0</subfield>
    <subfield code="o">910.095 413 &#x935;&#x930;&#x94D;&#x92E;&#x93E;&#x926;&#x947;</subfield>
    <subfield code="p">HN-63024</subfield>
    <subfield code="r">2010-09-29 00:00:00</subfield>
    <subfield code="t">1</subfield>
    <subfield code="v">150.00</subfield>
    <subfield code="w">2010-09-29</subfield>
    <subfield code="y">HN</subfield>
  </datafield>
</record>
